Drapeaux du monde reconnus par l'ONU - Statistiques

Statistiques générales
  • Ce quiz a été pris 572 fois
    327 depuis la dernière actualisation
  • Le résultat moyen est 129 sur 197
Statistiques - réponses
Par images Réponse % Correct
Belgique
83%
France
83%
Suède
83%
Brésil
82%
Chine
82%
Espagne
82%
Irlande
82%
Portugal
82%
Algérie
81%
Maroc
81%
Norvège
81%
Suisse
81%
Turquie
81%
Ukraine
81%
Afrique du Sud
80%
Albanie
80%
Allemagne
80%
Argentine
80%
Canada
80%
Chypre
80%
Corée du Sud
80%
Danemark
80%
Etats-Unis
80%
Inde
80%
Italie
80%
Japon
80%
Liban
80%
Australie
79%
Mexique
79%
Pays-Bas
79%
Roumanie
79%
Royaume-Uni
79%
Russie
79%
Tunisie
79%
Arabie Saoudite
78%
Croatie
78%
Finlande
78%
Grèce
78%
Jamaïque
78%
Népal
78%
Pologne
78%
Égypte
77%
Iran
77%
Monaco
77%
Vatican
77%
Corée du Nord
76%
Côte d'Ivoire
76%
Géorgie
76%
Israël
76%
Luxembourg
76%
Nouvelle-Zélande
76%
Qatar
76%
Colombie
75%
Cuba
75%
Irak
75%
Panama
75%
Viêt Nam
75%
Estonie
74%
Islande
74%
Kenya
74%
Macédoine du Nord
74%
Pakistan
74%
République tchèque
74%
Serbie
74%
Slovaquie
74%
Sri Lanka
74%
Uruguay
74%
Autriche
73%
Bosnie-Herzégovine
73%
Bulgarie
73%
Kazakhstan
73%
Thaïlande
73%
Bangladesh
72%
Hongrie
72%
Malte
72%
Pérou
72%
Slovénie
72%
Andorre
71%
Nigeria
71%
République démocratique du Congo
71%
Saint-Marin
71%
Singapour
71%
Biélorussie
70%
Cambodge
70%
Chili
70%
Indonésie
70%
Sénégal
70%
Venezuela
70%
Arménie
69%
Cameroun
69%
Malaisie
69%
Seychelles
69%
Angola
68%
Équateur
68%
Liechtenstein
68%
Monténégro
68%
Bhoutan
67%
Honduras
67%
Lettonie
67%
Moldavie
67%
Tchad
67%
Laos
66%
Costa Rica
65%
Éthiopie
65%
Madagascar
65%
Mongolie
65%
Ouganda
65%
Haïti
64%
Syrie
64%
Barbade
63%
Fidji
63%
Lituanie
63%
Mali
63%
Philippines
63%
Somalie
63%
Guatemala
62%
République dominicaine
62%
Azerbaïdjan
61%
Comores
61%
Émirats arabes unis
61%
Ghana
61%
Liberia
61%
Mauritanie
61%
Ouzbékistan
61%
Tanzanie
61%
Jordanie
60%
Niger
59%
Sainte-Lucie
59%
Burkina Faso
58%
Cap-Vert
58%
Eswatini
58%
Gabon
58%
Papouasie-Nouvelle- Guinée
58%
Paraguay
58%
Turkménistan
58%
Yémen
58%
Mozambique
57%
Nicaragua
57%
Palaos
57%
République Centrafricaine
57%
Tonga
57%
Bahreïn
56%
Belize
56%
Burundi
56%
Koweït
56%
Lesotho
56%
Libye
56%
Bahamas
55%
Kirghizistan
55%
Kiribati
55%
Palestine
55%
République du Congo
55%
Bénin
54%
Brunei
54%
Salvador
54%
Togo
54%
Djibouti
53%
Dominique
53%
Guinée
53%
Malawi
53%
Maldives
53%
Micronésie
53%
Nauru
53%
Saint-Vincent-et-les- Grenadines
53%
Suriname
53%
Tadjikistan
53%
Zambie
53%
Afghanistan
52%
Birmanie
52%
Botswana
52%
Érythrée
52%
Grenade
52%
Trinité-et-Tobago
52%
Zimbabwe
52%
Oman
51%
Antigua-et-Barbuda
50%
Namibie
49%
Samoa
49%
Bolivie
48%
Guinée équatoriale
48%
Îles Marshall
48%
Sierra Leone
48%
Soudan
48%
Gambie
47%
Île Maurice
47%
Guinée-Bissau
45%
Guyana
45%
Soudan du Sud
45%
Timor oriental
45%
Tuvalu
45%
Vanuatu
45%
Rwanda
44%
Saint-Christophe- et-Niévès
43%
Sao Tomé-et-Principe
41%
Salomon
40%
Iles Cook
32%
Niué
23%
Aucun quiz correspondant
Distribution des résultats
% des personnes avec chaque résultat
Percentile par nombre de réponses
Votre historique - résultats
Vous n’avez pas pris ce quiz depuis la dernière actualisation